000 00631nam a22001937a 4500
003 OSt
005 20240919092226.0
008 240919b ||||| |||| 00| 0 eng d
040 _cAIMIT LIBRARY
100 _aBy Sujna.
_e2216211
_9179456
245 _aStudy on pre and post covid financial performance of Fishery Industry /
_cBy Sujna ; Guided by Vinay Krishna.
260 _aUdupi :
_c2024.
650 _aCompany profile
_9179457
650 _aResearch objective
_9179458
650 _aResearch design
_9179459
700 _aKrishna N, Vinay.
_eGuide
_9179460
856 _3Janatha Fish Meal & Oil Products.
942 _2ddc
_cPRO
999 _c231834
_d231834